| 000 | 00626nam a2200205 a 4500 | ||
|---|---|---|---|
| 001 | 2722 | ||
| 003 | CDMR | ||
| 005 | 20131211153943.0 | ||
| 008 | 130130s1968||||||||||||||||||||||||||||d | ||
| 040 |
_aCDMR _bcat _cCDMR |
||
| 100 | 1 |
_aSamaniego, Ramiro _92046 |
|
| 245 | 1 | 0 |
_aManual de investigación por encuestas en la comunicación _cRamiro Samaniego |
| 260 |
_aQuito _c1968 _bCIESPAL |
||
| 300 | _a243 p. | ||
| 490 | 0 |
_aCIESPAL _v54 |
|
| 650 | 0 | 4 |
_94510 _aMitjans de comunicació de massa _xEnquestes |
| 650 | 0 | 4 |
_93284 _aComunicació _xInvestigació |
| 650 | 0 | 4 |
_94511 _aMitjans de comunicació de massa _zBrasil |
| 942 |
_cMON _2udc |
||
| 999 |
_c2722 _d2722 |
||